000
00301nam a22001337a 4500
008
180312b xxu||||| |||| 00| 0 eng d
020
_a
9780072369397
041
_a
eng
080
_a
91
100
_a
52
101
_a
GEO
245
_a
SELECTION INTRODUCTION GEOGRAPHY
_c
GETIS.A
942
_2
udc
_c
BK
999
_c
44780
_d
44780